| 000 | 00497nam a2200205Ia 4500 | ||
|---|---|---|---|
| 003 | OSt | ||
| 005 | 20221105101324.0 | ||
| 008 | 210210b1947 xxu||||| |||| 00| 0 eng d | ||
| 040 | _cAL | ||
| 041 | _aeng | ||
| 082 | _a543/1 | ||
| 100 |
_aBABOR (Joseph A) _961134 |
||
| 245 | _aGeneral college chemistry | ||
| 260 |
_aNew York _bThomas Y Crowell company _c1947 |
||
| 300 | _a659 | ||
| 690 |
_aChemistry _961135 |
||
| 700 |
_aLEHRMAN (Alexander) _961136 |
||
| 906 | _a009358 | ||
| 942 |
_2ddc _cBK |
||
| 999 |
_c127871 _d127871 |
||